000 00305nam a2200133Ia 4500
008 150301s2013 xx 000 0 und d
082 _a651.3
_bAND
100 _aANDREWS, SUDHIR
245 _aHOTEL FRONT OFFICE
250 _a3RD
260 _bMC. GREW HILL EDU.
_c2013
300 _a374
942 _2ddc
_cBK
999 _c7027
_d7027